000 00483nam a2200193Ia 4500
003 BUBTL
008 151213s9999 xx 000 0 und d
082 _a347.052
100 _aDLR
245 _aThe Limitation Act /
_cDhaka Law Reports
250 _a3rd ed.
260 _aDhaka :
_bEsrarul Huq Chowdhury,
_cc2009.
300 _a564 p. :
_c25 cm.
650 _aLaw
650 _aLaw
856 _k0
_l0
_yDownload
942 _2ddc
_cBK
999 _c1967
_d1967